000 03273nam a22003497a 4500
001 102087
003 KnowledgeUnlatched
005 20210303105249.0
006 m o d
007 cr u||||||||||
008 210129p20082019ncu o u00| u eng d
037 _5BiblioBoard
245 0 0 _aConflicted Antiquities
_bEgyptology, Egyptomania, Egyptian Modernity /
_cElliott Colla.
020 _a9781478091424
029 1 _ahttps://library.biblioboard.com/ext/api/media/6d9a5fb4-6b47-422c-ac6c-c3b778180230/assets/thumbnail.jpg
040 _aScCtBLL
_cScCtBLL
100 1 _aColla, Elliott
_eauthor.
264 1 _bDuke University Press,
300 _a1 online resource (361 p.)
506 0 _aAccess copy available to the general public.
_fUnrestricted
_2star
520 _aConflicted Antiquities is a rich cultural history of European and Egyptian interest in ancient Egypt and its material culture, from the early nineteenth century until the mid-twentieth. Consulting the relevant Arabic archives, Elliott Colla demonstrates that the emergence of Egyptology-the study of ancient Egypt and its material legacy-was as consequential for modern Egyptians as it was for Europeans. The values and practices introduced by the new science of archaeology played a key role in the formation of a new colonial regime in Egypt. This fact was not lost on Egyptian nationalists, who challenged colonial archaeologists with the claim that they were the direct heirs of the Pharaohs, and therefore the rightful owners and administrators of ancient Egypt's historical sites and artifacts. As this dispute developed, nationalists invented the political and expressive culture of "Pharaonism"-Egypt's response to Europe's Egyptomania. In the process, a significant body of modern, Pharaonist poetry, sculpture, architecture, and film was created by artists and authors who looked to the ancient past for inspiration. Colla draws on medieval and modern Arabic poetry, novels, and travel accounts; British and French travel writing; the history of archaeology; and the history of European and Egyptian museums and exhibits. The struggle over the ownership of Pharaonic Egypt did not simply pit Egyptian nationalists against European colonial administrators. Egyptian elites found arguments about the appreciation and preservation of ancient objects useful for exerting new forms of control over rural populations and for mobilizing new political parties. Finally, just as the political and expressive culture of Pharaonism proved critical to the formation of new concepts of nationalist identity, it also fueled Islamist opposition to the Egyptian state.
588 0 _aDescription based on print version record.
590 _aKU Select 2018: HSS Backlist Books
650 7 _aHistory / Ancient / Egypt
_2bisacsh
650 0 _aHistory
655 0 _aElectronic books.
758 _iIs found in:
_aKnowledge Unlatched
_1https://openresearchlibrary.org/module/2774bc74-146a-484f-a7ba-ab1d6a09bbfb
856 4 0 _uhttps://openresearchlibrary.org/content/6d9a5fb4-6b47-422c-ac6c-c3b778180230
_zView this content on Open Research Library.
_70
999 _c34010
_d34010